| 000 | 01078cac a22002651u 4500 | ||
|---|---|---|---|
| 090 | _c6396 | ||
| 008 | 081109t2001 xxu||||| |||| 00| 0 eng d | ||
| 010 | _a2001024706 | ||
| 020 | _a0471399078 (alk. paper) | ||
| 082 | 0 | 0 |
_a158.2 _bENG |
| 100 | _aEngel, Beverly. | ||
| 245 | 1 | 4 |
_aThe power of apology : _bhealing steps to transform all your relationships / _cBeverly Engel. |
| 260 |
_aNew York : _bJ. Wiley, _cc2001. |
||
| 300 |
_axi, 253 p. ; _c25 cm. |
||
| 500 | _aDistributer: Al-Ahram. | ||
| 504 | _aIncludes bibliographical references (p. 241-244) and index. | ||
| 511 | _aCatalogued By: Mahitab. | ||
| 650 | 0 | _aApologizing. | |
| 650 | 0 | _aInterpersonal Relations. | |
| 856 | 4 | 2 |
_3Contributor biographical information _uhttp://www.loc.gov/catdir/bios/wiley042/2001024706.html |
| 856 | 4 | 2 |
_3Publisher description _uhttp://www.loc.gov/catdir/description/wiley035/2001024706.html |
| 856 | 4 | 2 |
_3Table of contents _uhttp://www.loc.gov/catdir/toc/wiley021/2001024706.html |
| 942 |
_cBB _k158.2ENG _2ddc |
||
| 999 |
_c6396 _d6396 |
||